| 000 | 00449nam a22001817a 4500 | ||
|---|---|---|---|
| 003 | MPLRDC | ||
| 005 | 20220104153025.0 | ||
| 008 | 210129b ||||| |||| 00| 0 eng d | ||
| 082 | _a425.8 SJW | ||
| 100 | _a单纪文, 章方蒙, 寻寰中著 | ||
| 245 |
_a魅力在你身边 _c |
||
| 250 | _a初版 | ||
| 260 |
_a _b轻工业出版社 _c1989 |
||
| 300 | _b平 | ||
| 490 | _a关于日常生活的美学 | ||
| 650 | _a | ||
| 942 |
_cBK _o425.8 SJW |
||
| 999 |
_c53218 _d53208 |
||